[Event "Sunnyvale 1000-B 09"]
[Site "Sunnyvale"]
[Date "2023.09.17"]
[Round "5"]
[White "Karthi, Jashith"]
[Black "Hernandez Jimenez, Alexander Andres"]
[Result "1/2-1/2"]
[WhiteElo "2026"]
[BlackElo "2113"]
[PlyCount "22"]
[EventDate "2023.09.16"]
[EventType "schev"]
[EventRounds "5"]
[EventCountry "USA"]
[SourceTitle "EXT 2024"]
[Source "ChessBase"]
[SourceDate "2023.10.10"]
[SourceVersion "1"]
[SourceVersionDate "2023.10.10"]
[SourceQuality "1"]

1. d4 Nf6 2. c4 e6 3. Nf3 b6 4. g3 Bb7 5. Bg2 Be7 6. 0-0 0-0 7. Nc3 Ne4 8. Qc2 f5 9. Ne5 d5 10. Nxe4 dxe4 11. Rd1 Nd7 1/2-1/2

[Event "Titled Tuesday intern op 21st Mar Early"]
[Site "Chess.com INT"]
[Date "2023.03.21"]
[Round "1"]
[White "Rastbod, Ali"]
[Black "Hernandez Jimenez, Alexander Andres"]
[Result "1-0"]
[WhiteElo "2325"]
[BlackElo "2134"]
[PlyCount "51"]
[EventDate "2023.03.21"]
[EventType "swiss (blitz)"]
[EventRounds "11"]
[EventCountry "USA"]
[SourceTitle "EXT 2024"]
[Source "ChessBase"]
[SourceDate "2023.10.10"]
[SourceVersion "1"]
[SourceVersionDate "2023.10.10"]
[SourceQuality "1"]

1. e4 c5 2. Nc3 g6 3. g3 Nc6 4. Bg2 Bg7 5. d3 e6 6. Be3 Nd4 7. Qd2 b6 8. Bxd4 cxd4 9. Nb5 d5 10. Qb4 a5 11. Qa3 Ne7 12. Nd6+ Kf8 13. Nf3 dxe4 14. Ng5 Qd7 15. Ndxf7 Rg8 16. Nxe4 Kxf7 17. Nd6+ Kf8 18. Bxa8 Ba6 19. 0-0 Be5 20. Nc4 Bc7 21. Bg2 Kg7 22. Rae1 Rf8 23. Ne5 Bxe5 24. Rxe5 Nf5 25. Qb3 Rf6 26. Qxb6 1-0

[Event "Titled Tuesday intern op 27th Dec Late"]
[Site "Chess.com INT"]
[Date "2022.12.27"]
[Round "7"]
[White "Hernandez Bonilla, Amelia"]
[Black "Hernandez Jimenez, Alexander Andres"]
[Result "1-0"]
[WhiteElo "2002"]
[BlackElo "2110"]
[PlyCount "67"]
[EventDate "2022.12.27"]
[EventType "swiss (blitz)"]
[EventRounds "11"]
[EventCountry "USA"]
[SourceTitle "EXT 2024"]
[Source "ChessBase"]
[SourceDate "2023.10.10"]
[SourceVersion "1"]
[SourceVersionDate "2023.10.10"]
[SourceQuality "1"]

1. d4 Nf6 2. Bf4 d6 3. Nc3 g6 4. e4 Bg7 5. Qd2 c6 6. Bh6 0-0 7. h4 Bxh6 8. Qxh6 Ng4 9. Qd2 h5 10. 0-0-0 b5 11. f3 b4 12. Nb1 Nf6 13. Qxb4 a5 14. Qc3 Ba6 15. Ne2 Nbd7 16. Qxc6 Nb6 17. Qc3 Na4 18. Qb3 Qd7 19. Nec3 Bxf1 20. Rhxf1 Nxc3 21. Qxc3 Rfc8 22. Qd3 Qa4 23. a3 Rc7 24. Nc3 Qc6 25. Qb5 Rac8 26. Qxc6 Rxc6 27. Rd2 d5 28. Re1 dxe4 29. fxe4 Ng4 30. d5 Rc4 31. e5 a4 32. Rde2 Rd8 33. Re4 Rc5 34. Rxa4 1-0

[Event "Titled Tuesday intern op 20th Dec Early"]
[Site "Chess.com INT"]
[Date "2022.12.20"]
[Round "2"]
[White "Hernandez Jimenez, Alexander Andres"]
[Black "Przybylski, Wojciech"]
[Result "0-1"]
[WhiteElo "2110"]
[BlackElo "2321"]
[PlyCount "48"]
[EventDate "2022.12.20"]
[EventType "swiss (blitz)"]
[EventRounds "11"]
[EventCountry "USA"]
[SourceTitle "EXT 2024"]
[Source "ChessBase"]
[SourceDate "2023.10.10"]
[SourceVersion "1"]
[SourceVersionDate "2023.10.10"]
[SourceQuality "1"]

1. e4 e5 2. Nf3 Nf6 3. d4 Nxe4 4. Bd3 d5 5. Nxe5 Nd7 6. Nxd7 Bxd7 7. 0-0 Bd6 8. c4 c6 9. Nc3 Nxc3 10. bxc3 dxc4 11. Re1+ Be6 12. Bxc4 0-0 13. Bxe6 fxe6 14. Qg4 Kh8 15. Rxe6 Qd7 16. Bg5 Rae8 17. Rae1 Rxe6 18. Qxe6 Qc7 19. g3 h6 20. Be7 Re8 21. Bxd6 Rxe6 22. Rxe6 Qd7 23. Re7 Qxd6 24. Rxb7 a5 0-1

[Event "Titled Tuesday intern op 20th Dec Late"]
[Site "Chess.com INT"]
[Date "2022.12.20"]
[Round "4"]
[White "Shapiro, Bryan"]
[Black "Hernandez Jimenez, Alexander Andres"]
[Result "1-0"]
[WhiteElo "1972"]
[BlackElo "2110"]
[PlyCount "123"]
[EventDate "2022.12.20"]
[EventType "swiss (blitz)"]
[EventRounds "11"]
[EventCountry "USA"]
[SourceTitle "EXT 2024"]
[Source "ChessBase"]
[SourceDate "2023.10.10"]
[SourceVersion "1"]
[SourceVersionDate "2023.10.10"]
[SourceQuality "1"]

1. d4 Nf6 2. c4 e6 3. Nf3 b6 4. a3 Bb7 5. Nc3 c5 6. d5 exd5 7. cxd5 d6 8. e4 Nbd7 9. Bf4 a6 10. Bd3 g6 11. h3 Bg7 12. 0-0 0-0 13. Nd2 Re8 14. Bxd6 Rc8 15. Bh2 Ne5 16. Be2 b5 17. f4 Ned7 18. Bf3 b4 19. e5 bxc3 20. exf6 cxb2 21. fxg7 bxa1Q 22. Qxa1 Qf6 23. Nc4 Qxa1 24. Rxa1 Kxg7 25. Nd6 Ba8 26. f5 Ne5 27. Bxe5+ Rxe5 28. Nxc8 Bxd5 29. Bxd5 Rxd5 30. fxg6 hxg6 31. Rc1 Kf6 32. Nb6 Rd3 33. a4 Rb3 34. Nd7+ Ke7 35. Nxc5 Ra3 36. Rc4 a5 37. Nb7 Ke6 38. Nxa5 Kd5 39. Kf2 f5 40. Rf4 Ra2+ 41. Kg3 Ke5 42. h4 Ra3+ 43. Rf3 Rxa4 44. Nc6+ Kf6 45. Rd3 Rg4+ 46. Kh3 Re4 47. Rd6+ Kg7 48. Nd4 Re3+ 49. g3 f4 50. Ne6+ Kf7 51. Nxf4 Ra3 52. Rxg6 Ra4 53. Rg4 Ra3 54. h5 Kf6 55. h6 Ra8 56. Rg6+ Kf7 57. g4 Rh8 58. g5 Rh7 59. Kg4 Kf8 60. Ne6+ Kf7 61. Rg7+ Kxe6 62. Rxh7 1-0

[Event "Titled Tuesday intern op 06th Dec Late"]
[Site "Chess.com INT"]
[Date "2022.12.06"]
[Round "6"]
[White "Erzhanov, Arman"]
[Black "Hernandez Jimenez, Alexander Andres"]
[Result "1-0"]
[WhiteElo "2228"]
[BlackElo "2110"]
[PlyCount "57"]
[EventDate "2022.12.06"]
[EventType "swiss (blitz)"]
[EventRounds "11"]
[EventCountry "USA"]
[SourceTitle "CBM 211 Extra"]
[Source "ChessBase"]
[SourceDate "2023.01.31"]
[SourceVersion "1"]
[SourceVersionDate "2023.01.31"]
[SourceQuality "1"]

1. e4 c5 2. Nf3 d6 3. d4 cxd4 4. Qxd4 Nc6 5. Bb5 Bd7 6. Bxc6 Bxc6 7. Nc3 Nf6 8. Bg5 e6 9. 0-0-0 Be7 10. Qd3 Qc7 11. Nd4 Rc8 12. f4 a6 13. f5 e5 14. Nxc6 Qxc6 15. Bxf6 Bxf6 16. Nd5 Bg5+ 17. Kb1 Qc4 18. h4 Bh6 19. g4 f6 20. Rhg1 Qxd3 21. Rxd3 Bf4 22. Nxf4 exf4 23. Rxd6 Rc4 24. Re6+ Kf7 25. Rd1 Rc7 26. Kc1 h5 27. g5 fxg5 28. hxg5 h4 29. g6+ 1-0

[Event "Titled Tuesday intern op 08th Nov Early"]
[Site "Chess.com INT"]
[Date "2022.11.08"]
[Round "2"]
[White "Arencibia Monduy, Antonio"]
[Black "Hernandez Jimenez, Alexander Andres"]
[Result "1/2-1/2"]
[WhiteElo "2100"]
[BlackElo "2110"]
[PlyCount "117"]
[EventDate "2022.11.08"]
[EventType "swiss (blitz)"]
[EventRounds "11"]
[EventCountry "USA"]
[SourceTitle "EXT 2024"]
[Source "ChessBase"]
[SourceDate "2023.10.10"]
[SourceVersion "1"]
[SourceVersionDate "2023.10.10"]
[SourceQuality "1"]

1. e4 c5 2. Nf3 d6 3. c3 Nf6 4. Be2 g6 5. 0-0 Bg7 6. Re1 0-0 7. d3 e5 8. h3 Nc6 9. Qc2 h6 10. Bf1 Be6 11. Be3 b6 12. d4 cxd4 13. cxd4 Rc8 14. Nc3 exd4 15. Nxd4 Nxd4 16. Bxd4 Nd7 17. Bxg7 Kxg7 18. Rad1 Qe7 19. Qd2 Ne5 20. Qxd6 Qxd6 21. Rxd6 Rfd8 22. Red1 Rxd6 23. Rxd6 Nc4 24. Bxc4 Rxc4 25. f4 b5 26. a3 a5 27. f5 gxf5 28. exf5 Bxf5 29. Nxb5 Rc1+ 30. Kf2 Rc2+ 31. Kf3 Rxb2 32. Nd4 Bg6 33. Ra6 Rd2 34. Nc6 Rd3+ 35. Kf2 Rxa3 36. Rxa5 Rxa5 37. Nxa5 h5 38. Nc4 Kf6 39. Ke3 Kf5 40. Nd6+ Kg5 41. g3 h4 42. g4 f5 43. gxf5 Bxf5 44. Nxf5 Kxf5 45. Kf3 Kg5 46. Ke4 Kf6 47. Kf4 Kg6 48. Kg4 Kh6 49. Kxh4 Kg6 50. Kg4 Kh6 51. h4 Kg6 52. h5+ Kh6 53. Kh4 Kh7 54. Kg5 Kg7 55. h6+ Kh7 56. Kh5 Kh8 57. Kg6 Kg8 58. h7+ Kh8 59. Kh6 1/2-1/2

[Event "Titled Tuesday intern op 08th Nov Early"]
[Site "Chess.com INT"]
[Date "2022.11.08"]
[Round "4"]
[White "Kuchava, Ana"]
[Black "Hernandez Jimenez, Alexander Andres"]
[Result "0-1"]
[WhiteElo "2101"]
[BlackElo "2110"]
[PlyCount "58"]
[EventDate "2022.11.08"]
[EventType "swiss (blitz)"]
[EventRounds "11"]
[EventCountry "USA"]
[SourceTitle "EXT 2024"]
[Source "ChessBase"]
[SourceDate "2023.10.10"]
[SourceVersion "1"]
[SourceVersionDate "2023.10.10"]
[SourceQuality "1"]

1. d4 Nf6 2. Nf3 b5 3. e3 a6 4. c4 b4 5. Bd3 e6 6. 0-0 Bb7 7. a3 a5 8. axb4 axb4 9. Rxa8 Bxa8 10. Nbd2 Be7 11. e4 d5 12. cxd5 exd5 13. e5 Ne4 14. Qe2 Nxd2 15. Bxd2 0-0 16. Rc1 Nd7 17. Bf4 c5 18. dxc5 Nxc5 19. Bb1 Ne4 20. Nd2 Nxd2 21. Bxd2 Bg5 22. f4 Bh6 23. Qd3 g6 24. Bxb4 Bxf4 25. Bxf8 Bxc1 26. Ba3 Qb6+ 27. Kf1 Bxb2 28. Bd6 Bc6 29. Ba2 Bb5 0-1

[Event "Titled Tuesday intern op 01st Nov Early"]
[Site "Chess.com INT"]
[Date "2022.11.01"]
[Round "1"]
[White "Hernandez Jimenez, Alexander Andres"]
[Black "Maatman, Nick"]
[Result "1/2-1/2"]
[WhiteElo "2110"]
[BlackElo "2336"]
[PlyCount "89"]
[EventDate "2022.11.01"]
[EventType "swiss (blitz)"]
[EventRounds "11"]
[EventCountry "USA"]
[SourceTitle "EXT 2024"]
[Source "ChessBase"]
[SourceDate "2023.10.10"]
[SourceVersion "1"]
[SourceVersionDate "2023.10.10"]
[SourceQuality "1"]

1. e4 e6 2. d4 d5 3. Nc3 Bb4 4. exd5 exd5 5. Bd3 Nf6 6. Nge2 0-0 7. 0-0 Re8 8. Bg5 c6 9. a3 Be7 10. b4 Nbd7 11. Ng3 Nf8 12. Nf5 Bxf5 13. Bxf5 a5 14. b5 Ng6 15. Qd2 Qd6 16. Rfe1 Bf8 17. a4 Rxe1+ 18. Rxe1 h6 19. Bxg6 fxg6 20. Bf4 Qb4 21. Qd3 Kh7 22. bxc6 bxc6 23. Rb1 Qe7 24. Be5 Ng4 25. f4 Qh4 26. Qg3 Qh5 27. h3 Nxe5 28. fxe5 Bb4 29. Rf1 Kg8 30. e6 Re8 31. Na2 Rxe6 32. Nxb4 axb4 33. Qb8+ Kh7 34. Rf8 Qd1+ 35. Kh2 g5 36. Rh8+ Kg6 37. Qxb4 Qxc2 38. Qf8 Re2 39. Qf3 Rd2 40. Rf8 Rxd4 41. Qf7+ Kh7 42. Qg8+ Kg6 43. Qf7+ Kh7 44. Qg8+ Kg6 45. Qf7+ 1/2-1/2

[Event "Titled Tuesday intern op 24th May Early"]
[Site "Chess.com INT"]
[Date "2022.05.24"]
[Round "5"]
[White "Hernandez Jimenez, Alexander Andres"]
[Black "Provaznik, Michal"]
[Result "1-0"]
[WhiteElo "2137"]
[BlackElo "2085"]
[PlyCount "61"]
[EventDate "2022.05.24"]
[EventType "swiss (blitz)"]
[EventRounds "11"]
[EventCountry "USA"]
[SourceTitle "EXT 2023"]
[Source "ChessBase"]
[SourceDate "2022.10.05"]
[SourceVersion "1"]
[SourceVersionDate "2022.10.05"]
[SourceQuality "1"]

1. e4 c5 2. Nf3 Nc6 3. d4 cxd4 4. Nxd4 Nf6 5. Nc3 e6 6. Be2 Bc5 7. Nb3 Bb6 8. 0-0 0-0 9. Bg5 h6 10. Bh4 g5 11. Bg3 e5 12. h4 d6 13. hxg5 hxg5 14. Qd2 Nh7 15. Nd5 Be6 16. Rad1 Bc5 17. Nxc5 dxc5 18. c3 Rc8 19. f3 Qa5 20. a3 a6 21. Qe3 Rfd8 22. Nf6+ Nxf6 23. Qxg5+ Kf8 24. Qxf6 Qc7 25. Qh8+ Ke7 26. Bh4+ f6 27. Bxf6+ Kf7 28. Bxd8 Rxd8 29. Qh7+ Ke8 30. Qxc7 Rxd1 31. Rxd1 1-0

[Event "Titled Tuesday intern op 24th May Early"]
[Site "Chess.com INT"]
[Date "2022.05.24"]
[Round "2"]
[White "Lamaze, Simon"]
[Black "Hernandez Jimenez, Alexander Andres"]
[Result "1-0"]
[WhiteElo "2369"]
[BlackElo "2137"]
[PlyCount "95"]
[EventDate "2022.05.24"]
[EventType "swiss (blitz)"]
[EventRounds "11"]
[EventCountry "USA"]
[SourceTitle "EXT 2023"]
[Source "ChessBase"]
[SourceDate "2022.10.05"]
[SourceVersion "1"]
[SourceVersionDate "2022.10.05"]
[SourceQuality "1"]

1. d4 Nf6 2. c4 e6 3. g3 Bb4+ 4. Bd2 a5 5. Bg2 Qe7 6. Nf3 d6 7. Nc3 0-0 8. 0-0 Nbd7 9. a3 Bxc3 10. Bxc3 e5 11. Qc2 Re8 12. dxe5 Nxe5 13. Nxe5 dxe5 14. b4 axb4 15. axb4 Rxa1 16. Rxa1 c6 17. Rd1 Bg4 18. h3 Bh5 19. c5 Bg6 20. Qb2 e4 21. Bxf6 gxf6 22. Rd6 e3 23. f4 Kg7 24. g4 Be4 25. g5 Qf8 26. Qxf6+ Kg8 27. Bxe4 Rxe4 28. Rd8 Re8 29. Rd7 Rb8 30. Kg2 Qg7 31. Qxg7+ Kxg7 32. Kf3 b6 33. Kxe3 bxc5 34. bxc5 Rb5 35. Kd4 Rb2 36. Re7 Rd2+ 37. Kc4 Kg6 38. e4 Rf2 39. f5+ Kxg5 40. Rxf7 h5 41. Kd4 Rf3 42. Ke5 Rxh3 43. Rg7+ Kh6 44. Kf6 Re3 45. Rg6+ Kh7 46. e5 h4 47. e6 h3 48. Rg4 1-0

[Event "American Continental 16th"]
[Site "San Salvador"]
[Date "2022.05.03"]
[Round "3"]
[White "Hernandez Jimenez, Alexander Andres"]
[Black "Herrera, Marjorie"]
[Result "1-0"]
[WhiteElo "2137"]
[BlackElo "1774"]
[PlyCount "81"]
[EventDate "2022.05.02"]
[EventType "swiss"]
[EventRounds "11"]
[EventCountry "ESA"]
[SourceTitle "CBM 208 Extra"]
[Source "ChessBase"]
[SourceDate "2022.07.31"]
[SourceVersion "1"]
[SourceVersionDate "2022.07.31"]
[SourceQuality "1"]

1. e4 c5 2. Nf3 d6 3. Bb5+ Nd7 4. 0-0 Ngf6 5. Re1 e5 6. c3 Be7 7. d4 0-0 8. a4 a6 9. Bf1 Qc7 10. a5 Nb8 11. d5 Bg4 12. Nbd2 Nbd7 13. Nc4 Ne8 14. h3 Bh5 15. Ne3 Bg6 16. Nf5 Bxf5 17. exf5 g6 18. Bh6 Ng7 19. g4 Rfe8 20. Bd3 Bf8 21. c4 gxf5 22. gxf5 Nf6 23. Ng5 Qe7 24. Ne4 Nxe4 25. Rxe4 Qf6 26. Qd2 Qxf5 27. Kh2 Qd7 28. Rg4 f5 29. Rg5 e4 30. Bc2 Re7 31. Ba4 Qc7 32. Rag1 Kh8 33. Qc3 Rf7 34. Bd1 f4 35. Bh5 Re7 36. Qf6 e3 37. Qxf4 exf2 38. Qxf2 Rd8 39. Qf6 Qd7 40. Rf5 Qc8 41. Qxe7 1-0

[Event "Mexican op 67th"]
[Site "Chihuahua City"]
[Date "2022.04.16"]
[Round "7"]
[White "Hernandez Jimenez, Alexander Andres"]
[Black "Arizpe, Frank"]
[Result "1-0"]
[WhiteElo "2141"]
[BlackElo "1339"]
[PlyCount "95"]
[EventDate "2022.04.12"]
[EventType "swiss"]
[EventRounds "9"]
[EventCountry "MEX"]
[SourceTitle "CBM 207 Extra"]
[Source "ChessBase"]
[SourceDate "2022.05.31"]
[SourceVersion "1"]
[SourceVersionDate "2022.05.31"]
[SourceQuality "1"]

1. e4 c5 2. Nf3 Nc6 3. c3 d5 4. exd5 Qxd5 5. d4 Bg4 6. Be2 Nf6 7. 0-0 e6 8. Na3 cxd4 9. Nb5 Rc8 10. Nbxd4 Nxd4 11. Nxd4 Bxe2 12. Qxe2 Be7 13. Be3 0-0 14. Rfd1 a6 15. Nf3 Qc6 16. Bg5 Rfd8 17. Ne5 Qc7 18. Bh4 Nd5 19. Bg3 Qb6 20. c4 Nf6 21. b3 Rxd1+ 22. Rxd1 Rd8 23. h3 h6 24. Rd3 Rxd3 25. Qxd3 Qd8 26. Qf3 Qc8 27. Qd3 Qd8 28. Qf3 Qc8 29. Kf1 b5 30. Qd3 bxc4 31. Qxc4 Qb7 32. Qc6 Qb5+ 33. Qxb5 axb5 34. Nc6 Ba3 35. Nd4 b4 36. Nc2 Nd5 37. Nxa3 bxa3 38. Bd6 Nc3 39. Ke1 Nxa2 40. Kd2 e5 41. Bxa3 f5 42. Kc2 Kf7 43. Kb2 Ke6 44. Kxa2 h5 45. h4 Kd5 46. Kb2 f4 47. Kc3 e4 48. Bc1 1-0

[Event "Titled Tuesday intern op 12th Apr Early"]
[Site "Chess.com INT"]
[Date "2022.04.12"]
[Round "1"]
[White "Dang, Hoang Son"]
[Black "Hernandez Jimenez, Alexander Andres"]
[Result "0-1"]
[WhiteElo "2361"]
[BlackElo "2141"]
[PlyCount "110"]
[EventDate "2022.04.12"]
[EventType "swiss (blitz)"]
[EventRounds "11"]
[EventCountry "USA"]
[SourceTitle "CBM 207 Extra"]
[Source "ChessBase"]
[SourceDate "2022.05.31"]
[SourceVersion "1"]
[SourceVersionDate "2022.05.31"]
[SourceQuality "1"]

1. d4 Nf6 2. Bf4 d6 3. e3 g6 4. Nd2 Bg7 5. Ngf3 c5 6. c3 cxd4 7. exd4 Nc6 8. Bc4 Bg4 9. h3 Bxf3 10. Nxf3 d5 11. Be2 0-0 12. 0-0 e6 13. Re1 a6 14. Bd3 b5 15. Ne5 Rc8 16. a4 Qb6 17. axb5 axb5 18. Qb3 b4 19. Ra6 Qb7 20. Nxc6 Rxc6 21. Rxc6 Qxc6 22. Qxb4 Ne4 23. Ra1 Ra8 24. Ra5 Bf8 25. Qb5 Qxb5 26. Rxb5 Ra1+ 27. Bf1 g5 28. Be3 f5 29. g3 Bd6 30. Kg2 f4 31. gxf4 gxf4 32. f3 Ng3 33. Bf2 Nxf1 34. Rb6 Ne3+ 35. Kh2 Rf1 36. Bg1 Nf5 37. Kg2 Rc1 38. Bf2 Kf7 39. h4 Rc2 40. Kg1 Be7 41. h5 Bh4 42. Rb7+ Kg8 43. Rb8+ Kg7 44. Rb7+ Kh6 45. Bxh4 Nxh4 46. Rb6 Nxf3+ 47. Kf1 Ng5 48. Rb7 f3 49. b4 f2 50. Kg2 Kxh5 51. b5 Ne4 52. Rxh7+ Kg6 53. Rh3 Rc1 54. Rf3 Rg1+ 55. Kh2 f1Q 0-1

[Event "Titled Tuesday intern op 12th Apr Early"]
[Site "Chess.com INT"]
[Date "2022.04.12"]
[Round "5"]
[White "Hernandez Jimenez, Alexander Andres"]
[Black "Ibadov, Dashgyn"]
[Result "0-1"]
[WhiteElo "2141"]
[BlackElo "2266"]
[PlyCount "108"]
[EventDate "2022.04.12"]
[EventType "swiss (blitz)"]
[EventRounds "11"]
[EventCountry "USA"]
[SourceTitle "CBM 207 Extra"]
[Source "ChessBase"]
[SourceDate "2022.05.31"]
[SourceVersion "1"]
[SourceVersionDate "2022.05.31"]
[SourceQuality "1"]

1. e4 e5 2. Nf3 Nc6 3. Bc4 Bc5 4. d3 Nf6 5. 0-0 d6 6. c3 a6 7. a4 Ba7 8. Nbd2 0-0 9. Re1 Kh8 10. Nf1 Ng4 11. Ne3 Nxe3 12. Bxe3 Bxe3 13. fxe3 f5 14. exf5 Bxf5 15. e4 Bg4 16. Rf1 Qd7 17. h3 Bh5 18. g4 Bf7 19. Bxf7 Rxf7 20. Ng5 Rxf1+ 21. Qxf1 h6 22. Nf3 Rf8 23. Qg2 Ne7 24. Nh4 Qe6 25. Rf1 Rxf1+ 26. Qxf1 Kg8 27. c4 c6 28. Kg2 d5 29. Qe2 dxc4 30. dxc4 Qd7 31. Kf3 Qd4 32. b3 g6 33. Qe3 Qb2 34. Qxh6 Qxb3+ 35. Kg2 Qxc4 36. Kf3 Qd3+ 37. Qe3 Qd1+ 38. Kg3 Qxa4 39. Nf3 Qb5 40. Qg5 Qc5 41. Nxe5 Kg7 42. h4 Qg1+ 43. Kh3 Qh1+ 44. Kg3 Qe1+ 45. Kf3 Qc3+ 46. Kf2 Qd4+ 47. Kf3 Qd6 48. h5 Qf6+ 49. Qxf6+ Kxf6 50. Nd7+ Kg5 51. hxg6 Nxg6 52. Nc5 Ne5+ 53. Ke2 Kxg4 54. Nxb7 Kf4 0-1

[Event "Titled Tuesday intern op 12th Apr Early"]
[Site "Chess.com INT"]
[Date "2022.04.12"]
[Round "4"]
[White "Hernandez Jimenez, Alexander Andres"]
[Black "Ljukin, Sergei"]
[Result "1-0"]
[WhiteElo "2141"]
[BlackElo "2362"]
[PlyCount "79"]
[EventDate "2022.04.12"]
[EventType "swiss (blitz)"]
[EventRounds "11"]
[EventCountry "USA"]
[SourceTitle "CBM 207 Extra"]
[Source "ChessBase"]
[SourceDate "2022.05.31"]
[SourceVersion "1"]
[SourceVersionDate "2022.05.31"]
[SourceQuality "1"]

1. e4 e6 2. d4 d5 3. Nc3 Bb4 4. exd5 exd5 5. Nf3 Nf6 6. Bg5 0-0 7. Be2 Bf5 8. 0-0 c6 9. Ne5 Qd6 10. Bxf6 Qxf6 11. f4 Qd6 12. Bd3 Bxd3 13. Qxd3 f6 14. Ng4 Nd7 15. Ne2 Rae8 16. c3 Ba5 17. Ng3 Qe6 18. f5 Qd6 19. Rae1 Bc7 20. Qf3 c5 21. dxc5 Nxc5 22. Ne3 Ne4 23. Nxd5 Nd2 24. Qd3 Nxf1 25. Rxf1 Qc5+ 26. Kh1 Bxg3 27. hxg3 Re5 28. c4 b5 29. b3 bxc4 30. bxc4 Rc8 31. Nf4 Rxf5 32. Qd7 Re5 33. Rb1 Qc7 34. Qd4 Rce8 35. Rb5 Rxb5 36. cxb5 Qb6 37. Qc4+ Kh8 38. Kh2 Qd8 39. Qf7 Qe7 40. Qh5 1-0